000 00445nam a2200169Ia 4500
999 _c716
_d716
003 OSt
005 20210910112708.0
008 190216s9999||||xx |||||||||||||| ||und||
040 _coclc
082 _a297
_bAME/F
100 _aAmeen, Ahmad
_98832
245 0 _aFajr Ul Islam /
_cAhmad Ameen
260 _bDarul Kuthub Ul Arabi,
_aBeirut:
300 _a332p
650 _aArabic
942 _cBK
_2ddc
_h297
_iAME/F
_k297
_mAME/F